000 00933nam a2200313Ia 4500
001 dia_5085
003 CHAP
005 20231201113259.0
008 220117s1994 xx 000 0 und d
010 _a175915
020 _a0-471-57523-2
040 _cCHAP
082 _a511 A33 1994
100 _aAkai, Terrence J.
_93263
245 _aApplied numerical methods for engineers /
_c Terrence J. Akai
260 _aEstados Unidos de América :
_b John Wiley & Sons,
_c1994
300 _axix, 410 p.
503 _aC/e
504 _aBibliografía: p. 395-397
590 _aTA335 A33 1994
650 _aAnálisis numérico
_95991
650 _aEngineering mathematics
_9153115
650 _aMatemáticas para ingenieros
_9157506
650 _aNumerical analysis
_9157491
901 _a511 A33 1994
902 _aM
905 _a5232271994 -usimn 8222223322eng16
942 _cLIBRO
_2ddc
999 _c175915
_d175915